Sổ tay từ Hán - Việt (Dành cho người mới bắt đầu) /

Đã lưu trong:
Sonraí Bibleagrafaíochta
Príomhúdar: Lại Cao Nguyện
Formáid: Leabhar
Foilsithe: Hà Nội : NXB thời đại, 2009.
Ábhair:
Clibeanna: Cuir Clib Leis
Gan Chlibeanna, Bí ar an gcéad duine leis an taifead seo a chlibeáil!
Thư viện lưu trữ: Mạng thư viện Đại học Đà Nẵng
LEADER 00986nam a22002771a 4500
001 000037061
003 13356
005 20211015155755.0
008 160412s2009 000
020 |a 50000 
040 |a lnn  |c lnn  |d lnn 
082 |a 495.17  |b LA-N 
100 |a Lại Cao Nguyện 
245 0 |a Sổ tay từ Hán - Việt (Dành cho người mới bắt đầu) /  |c Lại Cao Nguyện Cb, Phan Văn Các. 
260 |a Hà Nội :  |b NXB thời đại,  |c 2009. 
300 |a 294tr. : ;  |c 23cm. 
653 |a Sổ tay từ Hán  |a Hán - Việt 
OWN |a LNN 
AVA |a UDN50  |b LNN  |c Chinese  |d 495.17 LA-N  |e available  |t Error 5001 Not defined in file expand_doc_bib_avail.  |f 4  |g 0  |h N  |i 0  |j TN 
999 |a From the UDN01 
AVA |a UDN50  |b LNN  |c Chinese  |d 495.17 LA-N  |e available  |t Error 5001 Not defined in file expand_doc_bib_avail.  |f 4  |g 0  |h N  |i 0  |j TN 
TYP |a Monograph 
980 |a Mạng thư viện Đại học Đà Nẵng